000 01583ngm a22002890a 4500
001 PT35676
003 AR-LpoUNG
005 20210202000451.0
007 vd cvaizq
008 191001s2001||||ag |||||||||||||||||eng d
040 _aAR-LpoUNG
_bspa
_cAR-LpoUNG
_eaacr
041 _aeng
044 _aag
082 0 _a782.14 663ame
100 1 _aMinnelli, Vincente
_edir.
245 1 3 _aUn americano en Paris
260 _aSan Luis :
_bAVH - Planeta-DeAgostini,
_c2001.
300 _aVHS (113 min.) : son., col.
505 0 _aHecha en 1951. - Créditos: Guión, Alan Jay Lerner; música, George Gershwi; fotografía, Alfred Gilks. - Elenco, Gene Kelly, Leslie Caron, Oscar Levant, Georges Guétary, Nina Foch, Ernie Flatt, Alex Romero, Dickie Humphreys.
520 _aUn artista americano que vive en el París de la postguerra reparte su corazón entre una mujer adinerada y una pobre y bella huérfana. Jerry Mulligan (Gene Kelly) es un pintor estadounidense que se ha trasladado a París. Vive junto a un amigo pianista, en el barrio de Montmartre. Un día, este último recibe la visita de un cantante francés que le cuenta que está a punto de casarse con una joven. El artista, por su parte, comprueba cómo Milo Roberts, una compatriota millonaria, compra dos pinturas suyas y decide promocionarle. Más tarde, Jerry y Milo van a cenar a un restaurante de Montparnasse, donde se encuentra con Lisa, de la que el bohemio se enamora.
653 _aCINE
653 _aMUSICAL
653 _aROMANTICA
653 _aVIDEOS
905 _a35676
942 _cVIDEO
999 _c54916
_d54916